[Event "Benidorm op U2000 11th"]
[Site "Benidorm"]
[Date "2012.12.03"]
[Round "4"]
[White "Gonzalez Cuervo, Eloy"]
[Black "Blondel, Jerome"]
[Result "0-1"]
[WhiteElo "1961"]
[BlackElo "1872"]
[PlyCount "66"]
[EventDate "2012.11.30"]
[EventType "swiss"]
[EventRounds "10"]
[EventCountry "ESP"]
[SourceTitle "EXT 2014"]
[Source "ChessBase"]
[SourceDate "2013.11.20"]
[SourceVersion "1"]
[SourceVersionDate "2013.11.20"]
[SourceQuality "1"]

1. e4 d5 2. exd5 Qxd5 3. d4 Nc6 4. Be3 Bf5 5. Nf3 0-0-0 6. Bd3 Bg4 7. Nbd2 e6 8. Be4 Qd7 9. 0-0 Nxd4 10. Ne5 Bxd1 11. Nxd7 Nxc2 12. Bxc2 Bxc2 13. Ne5 Bg6 14. Rfc1 Kb8 15. a3 Bd6 16. Nec4 Nf6 17. f3 Nd5 18. Bd4 f6 19. g3 h5 20. b4 h4 21. Kg2 hxg3 22. hxg3 Ne7 23. Nb3 Bxg3 24. Bxa7+ Kxa7 25. Kxg3 Nf5+ 26. Kg2 Nh4+ 27. Kf2 Nxf3 28. Nc5 Nd4 29. Rh1 b6 30. Rxh8 Rxh8 31. Rg1 Rh6 32. Nd7 Be8 33. Rxg7 Nf5 0-1

[Event "Oviedo Fapa op"]
[Site "Oviedo"]
[Date "2009.12.29"]
[Round "4"]
[White "Gonzalez Cuervo, Eloy"]
[Black "Suarez Garcia, Carlos"]
[Result "0-1"]
[WhiteElo "1872"]
[BlackElo "2071"]
[PlyCount "56"]
[EventDate "2009.12.26"]
[EventType "swiss"]
[EventRounds "9"]
[EventCountry "ESP"]
[SourceTitle "CBM 134 Extra"]
[Source "ChessBase"]
[SourceDate "2010.03.03"]
[SourceVersion "1"]
[SourceVersionDate "2010.03.03"]
[SourceQuality "1"]

1. e4 c5 2. Nc3 d6 3. Bb5+ Bd7 4. Bxd7+ Nxd7 5. d3 g6 6. f4 Bg7 7. Nf3 Ngf6 8. 0-0 0-0 9. Qe1 e6 10. Qh4 a6 11. g4 Re8 12. Kh1 b5 13. Ne2 h5 14. h3 hxg4 15. hxg4 d5 16. Ng5 dxe4 17. dxe4 Nf8 18. Ng3 N6h7 19. Be3 Nxg5 20. fxg5 Bxb2 21. Rad1 Qe7 22. Rf6 Nd7 23. Rdf1 Ne5 24. Kg2 Qf8 25. Bxc5 Qxc5 26. Rh1 Kf8 27. Qh8+ Ke7 28. Rxf7+ Nxf7 0-1

[Event "Gijon op 2nd"]
[Site "Gijon"]
[Date "2007.07.01"]
[Round "8.16"]
[White "Garralon Moreno, Jesus"]
[Black "Gonzalez Cuervo, Eloy"]
[Result "1-0"]
[WhiteElo "1834"]
[BlackElo "1955"]
[PlyCount "57"]
[EventDate "2007.06.25"]
[EventType "swiss"]
[EventRounds "8"]
[EventCountry "ESP"]
[SourceTitle "CBM 119 Extra"]
[Source "ChessBase"]
[SourceDate "2007.09.04"]
[SourceVersion "1"]
[SourceVersionDate "2007.09.04"]
[SourceQuality "1"]

1. e4 c6 2. d4 d5 3. e5 Bf5 4. h4 h6 5. g4 Be4 6. f3 Bh7 7. e6 fxe6 8. Bd3 Qd6 9. f4 Nd7 10. Bxh7 Rxh7 11. Qd3 Ngf6 12. Qg6+ Kd8 13. Ne2 Rh8 14. Nbc3 Rc8 15. Be3 Kc7 16. 0-0-0 Kb8 17. g5 Ng4 18. Qd3 Nxe3 19. Qxe3 c5 20. g6 Nf6 21. Rhg1 a6 22. Kb1 h5 23. dxc5 Rxc5 24. Nd4 Rc4 25. Nxe6 Ne4 26. f5 Qe5 27. Nxd5 Nc3+ 28. bxc3 Qd6 29. Nb4 1-0